000 03395nam a2200445 c 4500
003 BLK
005 20240617105101.0
008 180408b bul|||||r ||||||| ||bul||
010 _aKNG00048074000
020 _a978-954-535-617-9
_bиздат.: Нов бълг. унив.
040 _aBLK
041 _aBUL
_cBUL
072 7 _2bullib
_aН82
_xЛитературознание Н
080 _aБългарска литература
_b821.163.2
_x(092)
_z821.163.2(092)
080 _aБългарска литература
_b821.163.2
_x.09
_z821.163.2.09
080 _a
_b929 Михайловски, Стоян Николов
_x
_z929 Михайловски, Стоян Николов
100 1 _aБогданов, Иван
_eпърви автор
_gГенчев, Иван Богданов
_9365495
600 1 4 _aМихайловски, Стоян Николов
_gМихайловский, Стоян, 1856-1927; Михайловски, Ст., 1856-1927; Михайловски, 1856-1927; Де Профундис, 1856-1927 (псевдоним); Истров, Драгостин, 1856-1927 (псевдоним); Муслак, Драгостин Истров, 1856-1927 (псевдоним); Розенберг, Викентий, 1856-1927 (псевдоним); Рязков, Евгений, 1856-1927 (псевдоним); Стрелков, Ст., 1856-1927 (псевдоним); De Profundis, 1856-1927 (псевдоним); X.y.z., 1856-1927 (псевдоним)
_d1856-1927
_997934
700 1 _aАлександрова, Надежда
_eнауч. ред.
_9367895
700 _aГенчев, Иван Богданов
_9367896
139 _aБогданов, Иван
_bМ 74
245 1 0 _aСтоян Михайловски - поет, трибун, мислител
_bКулт.-ист. анализ с прил. на системна библиогр.
_cИван Богданов; науч. ред. Надежда Александрова; * Иван Богданов Генчев.
257 _aBGR
260 София
_bНов бълг. унив.
_c2010
_fСофия : Планета 3
300 _a383 с.
_c21 см
380 _a82
500 _aПълното име на авт. е Иван Богданов Генчев. - Пълното име на ред. е Надежда Александрова Драгова. - Съдържа: Архивът на Иван Богданов; Иван Богданов за Стоян Михайловски. Публикации; Из критически оценки за Иван Богданов по повод неговите издания и изследвания върху живота и творчеството на Стоян Михайловски. - Библиогр. с. 326-343. - Азб. показалец на упоменати и цитирани по-важни имена.
650 4 _aПисатели, български - творчество
_9250544
651 4 _aБългария
_9241624
653 _aбългарски писатели
653 _aтворчество
653 _aСтоян Михайловски
659 _aН
852 _aЦб 251132
856 4 _qpdf
_u
856 4 _qpdf
_u
942 _cKNG
_n0
_03
944 _aCR
_c14.03.2011
_lРусанова Ирена
_k30542
944 _aED
_c21.10.2016
_lф /
_kЛюдмила_Стоянова
999 _c44309
_d44309